01006nam a2200325Ia 4500001000900000003000500009005001700014008004100031010001100072040000900083082002000092100003300112245005300145250000900198260005800207300001700265504002800282590001900310650001900329650001800348650003000366650002900396650002000425901002000445902000600465905006300471942001500534999001900549952011200568dia_1480CHAP20251021145003.0220117s1947 xx 000 0 und d a172021 cCHAP a621.18 F35 1947 aFaires, Virgil Moring939343 aApplied thermodynamics /c Virgil Moring Faires arev. aEstados Unidos de América :b Macmillan Co.,c1947 axvii, 480 p. aIncluye bibliografías aTJ265 F35 1947 aGases 947216 aSteam9150846 aTermodinámica 9112366 aThermodynamics 9150775 aVapor 9117901 a621.18 F35 1947 aM a5232271947 -usadmn8222223322eng16 cLIBRO2ddc c172021d172021 00102ddc40708GRALaIA_bIA_c1d2022-01-18f1l0pdia_000997r2022-01-18 00:00:00t1w2022-01-18yLIBRO